Interpretačné procesy

Bibliographic Details
Main Author: Khol, Josef, 1928- (Author)
Format: Article
Language:Czech
PhysicalDescription:Lit. 38 zázn. v češ., slov., ruš., nem., angl.
Subjects:

MARC

LEADER 00000nab a2200000 a 4500
001 vtls000324094
003 SK-MaSNL
005 20260303161257.0
008 230223c1988 xo 0 cze
015 |a SNBRB19rr/mm-uuuuu 
035 |a CL0324216 
035 |a urn:nbn:sk:snk-abf1ff 
035 |a (urnnbn)urn:nbn:sk:snk:ar-005eza 
035 |a (uuid)240caf8e-ed1c-4680-9bea-ae2c2f6d2e4d 
040 |a SNKBUCL  |b slo  |c SNKBUCL  |e AACR2 
041 0 |a cze 
044 |a xo  |c SK 
080 |a 82:001.8  |2 1981 
080 |a 001.8  |2 1981 
080 |a 100.213.2  |2 1981 
080 |a 165  |2 1981 
080 |a 003  |2 1981 
100 1 |a Khol, Josef,  |d 1928-  |4 aut  |9 7478 
245 1 0 |a Interpretačné procesy  |c Josef Khol 
300 |b Lit. 38 zázn. v češ., slov., ruš., nem., angl. 
650 0 7 |a literárne texty  |2 snkbucl  |9 63437 
650 0 7 |a interpretácia  |2 snkbucl  |9 501528 
655 7 |a články z novín a časopisov  |2 snkbucl  |9 267496 
773 0 |t Slovenská literatúra  |g Roč. 35, č. 2 (1988), s. 120 
850 |a Slovenská národná knižnica v Martine  |a MTA001 
852 |a SNK  |b KIS3GCP 
958 |a NB 
958 |a RK 
958 |a CZ 
958 |a OND 
958 |a EUIPO 
958 |a article27 
992 |a RBX 
999 |c 2048849  |d 2050779